000
00286nam a22001217a 4500
020
_a
0-85501-461-X
082
_a
621.31042 MOR'G
100
_a
MORGAN, A. T
_9
59970
245
_a
GENERAL THEORY OF ELECTRICAL MACHINES
260
_a
LONDON
_b
HEYDEN
_c
1979
300
_a
448P
942
_c
BK
999
_c
569823
_d
569823